| 000 | 00397nam a2200157Ia 4500 | ||
|---|---|---|---|
| 008 | 160316s1990 xxu||||| |||| 00| 0 eng d | ||
| 082 |
_a343.080000 _bMIT |
||
| 100 | _aMitra K K | ||
| 245 | _aCommentaries on the monopolies and restrictive trade practices act 1969 | ||
| 250 | _a | ||
| 260 |
_aCalcutta _bBook-N-Trade _c1990 |
||
| 300 |
_a688p _b _c |
||
| 365 | _bRs. | ||
| 650 | _a | ||
| 700 |
_a _a |
||
| 999 |
_c8447 _d8447 |
||